000
00270nam a2200109Ia 4500
008
200302s9999 xx 000 0 und d
100
_a
Colin R. Townsend & Other
245
_a
Essentials of Ecology
260
_b
Blackwell Science Inc.
260
_c
2000
300
_a
552 P.,
999
_c
5581
_d
5581